| 000 | 01093nam a2200217Ia 4500 | ||
|---|---|---|---|
| 001 | 6618 | ||
| 008 | 260622s9999 xx 000 0 und d | ||
| 020 | _a9948042719 | ||
| 245 | 0 |
_aوليام فوكنر في صخبه وعنفه : مجموعة دراسات نقدية/ _cأعداد و ترجمة: نجم عبد الله كاظم |
|
| 260 |
_aالشارقة؛ _bدائرة الثقافة و الأعلام؛ _c2004 |
||
| 300 |
_a198p; _c21x14cm |
||
| 505 | _aWilliam Faulkner in The Sound and The Fury: Collectrion of Critical Studies. By Dr. Najam Abdullah Kazem | ||
| 520 | _aWilliam Faulkner, Nobel prize winning Amercan fiction writer from Mississippi, became a widely read and discussed author in the Arab World, after the translation of his story The Sound and The Fury by the Iraqi-Palestinian academic Jabra Ibrahim Jabra in the early 1960s. | ||
| 546 | _aArabic | ||
| 650 | _aPJ7501-8517 Arabic literature | ||
| 650 |
_aTranslated works _99459 |
||
| 651 | _aUSA | ||
| 655 |
_aFiction رواية _99460 |
||
| 700 |
_aFaulkner, William وليام فوكنر _99461 |
||
| 942 | _cBK | ||
| 999 |
_c6618 _d6618 |
||